Aktuárska demografia v prostredí konkurenčného poistného trhu dizertačná práca
Na minha lista:
| Autor principal: | |
|---|---|
| Autor Corporativo: | |
| Outros Autores: | |
| Formato: | Livro |
| Idioma: | eslovaco |
| Publicado em: |
Bratislava
2005
|
| Assuntos: | |
| Tags: |
Sem tags, seja o primeiro a adicionar uma tag!
|
MARC
| LEADER | 00000nam$a2200000$$$4500 | ||
|---|---|---|---|
| 001 | 0038443 | ||
| 005 | 20240104134058.9 | ||
| 041 | 0 | |a slo | |
| 044 | |a SK | ||
| 245 | 1 | 0 | |a Aktuárska demografia v prostredí konkurenčného poistného trhu |b dizertačná práca |c Daniela Sivašová ; školiteľ: Viera Pacáková |
| 264 | 1 | |a Bratislava |c 2005 | |
| 300 | |a 111 s. | ||
| 610 | 2 | 0 | |a úmrtnosť |
| 610 | 2 | 0 | |a poistenie životné |
| 610 | 2 | 0 | |a demografia |
| 610 | 2 | 0 | |a modely |
| 610 | 2 | 0 | |a modely stochastické |
| 610 | 2 | 0 | |a konkurencia |
| 610 | 2 | 0 | |a poisťovníctvo |
| 100 | 1 | |a Sivašová, Daniela, 1955- | |
| 700 | 1 | |a Pacáková, Viera | |
| 710 | 2 | |a Fakulta hospodárskej informatiky EU. Katedra štatistiky | |